| 000 | 00708nam a2200205 a 4500 | ||
|---|---|---|---|
| 001 | BRCA_2570 | ||
| 005 | 20190320203854.0 | ||
| 008 | 271108s1937----us-#---###---#000-0#eng-# | ||
| 050 | 4 |
_aNK4399 _b.H63 1937 |
|
| 100 | 1 |
_aHodgson, Jeanette R. _97347 |
|
| 245 | 1 | 0 |
_aCollecting old English lustre _cby Jeannette R. Hodgson ; ill. by repriductions of specimens from the Author´s collection. |
| 260 |
_aPortland, Maine _bSouthworth-Anthoensen _c1937 |
||
| 300 |
_axv, 44 p. _bil., 14 láminas _c18 cm. |
||
| 500 | _aA41 | ||
| 650 | 1 | 4 |
_aCerámica _eColeccionistas y colecciones _91200 |
| 650 | 1 | 4 |
_aCerámica _zInglaterra _97348 |
| 650 | 1 | 4 |
_aLustre (Cerámica) _zInglaterra _97349 |
| 902 | _aGFM | ||
| 942 |
_2lcc _cB |
||
| 999 |
_c2310 _d2310 |
||